Statistics for Video games by Wikipedia description

Click here to take the quiz!

General Stats

  • This quiz has been taken 30 times
  • The average score is 6 of 15

Answer Stats

Wikipedia descriptionAnswer% Correct
a sandbox video game developed by the Swedish video game developer Mojang Studios. The game was created by Markus "Notch" Persson in the Java programming language. Following several early private testing versions, it was first made public in May 2009 before fully releasing in November 2011, with Jens Bergensten then taking over developmentMinecraft
100%
an online video game developed by Epic Games and released in 2017. It is available in three distinct game mode versions that otherwise share the same general gameplay and game engine n which players are given complete freedom to create worlds and battle arenas.Fortnite
92%
a first-person shooter game developed by 343 Industries and published by Xbox Game Studios for Microsoft Windows, Xbox One, and Xbox Series X and Series S. The sixth main entry of the Halo series. The game planned to be released as a launch title with the Xbox Series X/S on November 10, 2020 but was delayed in August 2020. It is planned for release on December 8, 2021.Halo Infinite
63%
2013 action-adventure game developed by Rockstar North and published by Rockstar Games. Set within the fictional state of San Andreas, based on Southern California, the single-player story follows three protagonists—retired bank robber Michael De Santa, street gangster Franklin Clinton, and drug dealer and gunrunner Trevor Philips—and their attempts to commit heists while under pressure from a corrupt government agency and powerful criminals. The open world design lets players freely roam San Andreas' open countryside and the fictional city of Los Santos, based on Los Angeles.Grand Theft Auto V
58%
a 2017 action-adventure game developed and published by Nintendo for the Nintendo Switch and Wii U consoles. Breath of the Wild is the nineteenth installment of The Legend of Zelda franchise and is set at the end of the Zelda timeline. The player controls Link, who awakens from a hundred-year slumber to defeat Calamity Ganon and save the kingdom of Hyrule.The Legend of Zelda: Breath of the Wild
58%
a 2021 racing video game developed by Playground Games and published by Xbox Game Studios. It is the fifth Forza Horizon title and twelfth main instalment in the Forza series. The game is set in a fictionalised representation of Mexico. It was released on 9 November 2021 for Microsoft Windows, Xbox One, and Xbox Series X/S.Forza Horizon 5
54%
a fighting game developed by NetherRealm Studios and published by Warner Bros. Interactive Entertainment. Running on a heavily modified version of Unreal Engine 3,[7] it is the eleventh main installment in the Mortal Kombat series and a sequel to 2015's Mortal Kombat X. Announced at The Game Awards 2018, the game was released in North America and Europe on April 23, 2019 for Microsoft Windows, Nintendo Switch, PlayStation 4 and Xbox One—with the exception of Europe's Switch version which was released on May 10, 2019.[8] The game was released on the Stadia on November 19, 2019Mortal Kombat 11
38%
a multiplayer-focused first-person shooter game developed by DICE and published by Electronic Arts. As the game is set in the near future, it features futuristic weapons and gadgets like deployable turrets and drones, as well as vehicles that players can commandeer.[1] Players can request a vehicle air-drop to any location.[2] The game introduces a "Plus" system which allows players to customize their weapons on the spot. The class system was significantly overhauled. Players can assume control of a specialist who falls under the four traditional Battlefield gameplay classes of Assault, Engineer, Medic and Recon.Battlefield 2042
33%
2021 first-person shooter game developed by Sledgehammer Games and published by Activision.[4][5] It was released on November 5 for Microsoft Windows, PlayStation 4, PlayStation 5, Xbox One, and Xbox Series X/S.[6] It serves as the 18th installment in the overall call of duty series. It establishes a storyline featuring the birth of the special forces to face an emerging threat at the end of the war during various theatres of World War II.Call of Duty: Vanguard
33%
a party video game developed by NDcube and published by Nintendo for the Nintendo Switch. It is the twelfth home console installment in the Mario Party series and the second for the Nintendo Switch, following Super Mario Party (2018), released on October 29, 2021.Mario Party Superstars
29%
a vehicular combat multiplayer video game developed and published by Gaijin Entertainment. Announced in 2011, it was first released in November 2012 as an open beta with a worldwide release in January 2013; it had its official release on 21 December 2017.[11][7] It has a cross-platform format for Microsoft Windows, MacOS, Linux, PlayStation 4, Xbox One, PlayStation 5, Xbox Series X, Xbox Series S, and Shield Android TV.War Thunder
17%
a survival horror interactive drama video game developed by Supermassive Games and published by Bandai Namco Entertainment. It is the third of eight planned installments in The Dark Pictures Anthology series, following 2019's Man of Medan and 2020's Little Hope. It was released on October 22, 2021 for Windows, PlayStation 4, PlayStation 5, Xbox One and Xbox Series X/S.House of Ashes
13%
a free-to-play combat flight simulation game developed primarily by Eagle Dynamics and The Fighter Collection. Released in 2008, it was originally an evolution of Lock On: Modern Air Combat by Eagle Dynamics and The Battle Simulator by The Fighter Collection.DCS
4%
an arcade-style combat flight simulation video game developed and published by Bandai Namco Entertainment. An entry in the Ace Combat series, it was released for the PlayStation 4 and Xbox One in January 2019, and for Microsoft Windows the following month. The game features support for virtual reality, offering a set of missions developed for the PlayStation VR headset, as well as several downloadable content packs offering new missions.Ace Combat 7: Skies Unknown
0%
an amateur flight simulator developed by Asobo Studio and published by Xbox Game Studios. It is an entry in the Microsoft Flight Simulator series which began in 1982, and was preceded by Microsoft Flight Simulator X in 2006. The game is a return of the series after a 14-year absence, with development beginning six years prior to its release. It was released on August 18, 2020, for Microsoft Windows, with a virtual reality (VR) version released in December of the same year—the first in the series to see a VR release. It is also the first game in the series to have a console release, with it being released on the Xbox Series X and Series S on July 27, 2021.Microsoft Flight Simulator 2020
0%

Score Distribution

Percentile by Number Answered

Percent of People with Each Score

Your Score History

You have not taken this quiz